Anatomía & 100 estiramientos para cycling : la bicicleta, fundamentos, técnicas, tablas de series, precauciones, consejos /

Bibliographic Details
Main Author: Seijas Albir, Guillermo (Author)
Format: Electronic eBook
Language:Spanish
Published: Badalona (España) : Paidotribo, [2016]
Edition:Primera edición.
Subjects:
Online Access:Digitalia Hispánica

MARC

LEADER 00000nam a2200000Ii 4500
001 DIGEDPBR0151
003 NyNyDIG
006 m o d
007 cr |||||||||||
008 260105s2016 sp a ob 001 0 spa d
035 |a (OCoLC)1570096374 
040 |a DGITA  |b eng  |e rda  |e pn  |c DGITA 
020 |a 9788499106403  |q ePub 
020 |z 9788499105437 
050 1 4 |a GV1041 ebook 
082 0 4 |a 613.7182  |2 23 
100 1 |a Seijas Albir, Guillermo,  |e author. 
245 1 0 |a Anatomía & 100 estiramientos para cycling :  |b la bicicleta, fundamentos, técnicas, tablas de series, precauciones, consejos /  |c textos, Guillermo Seijas. 
246 3 |a Anatomía y 100 estiramientos para cycling 
246 3 |a Anatomía y cien estiramientos para cycling 
250 |a Primera edición. 
264 1 |a Badalona (España) :  |b Paidotribo,  |c [2016] 
300 |a 1 online resource :  |b color illustrations. 
336 |a text  |b txt  |2 rdacontent 
337 |a computer  |b c  |2 rdamedia 
338 |a online resource  |b cr  |2 rdacarrier 
347 |a text file  |2 rdaft 
347 |b EPUB 
504 |a Includes bibliographical references and index. 
588 0 |a Online resource; title from ePub title page (Digitalia, viewed January 5, 2026) 
650 0 |a Cycling  |x Training. 
650 0 |a Cycling  |x Physiological aspects. 
650 0 |a Stretching exercises. 
650 0 |a Muscles  |x Anatomy. 
650 0 |a Muscle strength. 
791 2 |a Digitalia (Firm),  |e distributor. 
793 0 |g Digitalia eBook Collection:  |a Editorial Paidotribo 
776 0 8 |i Print version:  |a Seijas Albir, Guillermo.  |t Anatomía & 100 estiramientos para cycling.  |b Primera edición.  |d Badalona (España) : Paidotribo, [2016]  |z 9788499105437 
856 4 0 |3 Digitalia Hispánica  |u https://www.digitaliapublishing.com/a/159800/ 
910 |a Premium collection: 2026